000 00804cam a2200253 a 4500
001 14584014
005 20180125065749.0
008 061005s2007 njua b 001 0 eng
010 _a 2006032714
020 _a9780470087343 (cloth/cdrom)
020 _a047008734X (cloth/cdrom)
035 _a(OCoLC)ocm72161844
040 _aDLC
_cDLC
_dBAKER
_dC#P
_dYDXCP
_dYDX
_dDLC
041 _aeng
043 _an-us---
080 _a657..835 mic
082 0 0 _a657..835 mic
_222
100 1 _a62
101 _akon
245 1 0 _aGovernment and not-for-profit accounting :
_cMichael H. Granof.
906 _a7
_bcbc
_corignew
_d1
_eecip
_f20
_gy-gencatlg
942 _2ddc
_cBK
999 _c40925
_d40925